| 000 | 00684cam a22002294a 4500 | ||
|---|---|---|---|
| 020 | _a9781416049746 | ||
| 020 | _a1416049746 | ||
| 040 | _cDLC | ||
| 082 | 0 | 0 | _a617 SAU 2009 A115 Or. |
| 245 | 0 | 0 | _aArthritis & arthroplasty. |
| 246 | 3 | _aArthritis and arthroplasty. | |
| 246 | 3 | 0 | _aKnee |
| 260 |
_aPhiladelphia, PA : _bSaunders/Elsevier, _cc2009. |
||
| 300 |
_axvii, 334 p. : _bill. (some col.) ; _c29 cm. + _e1 DVD-ROM (4 3/4 in.). |
||
| 490 | 1 | _aArthritis & arthroplasty series | |
| 500 | _a"Expert consult"--Cover. | ||
| 650 | 0 | _aTotal knee replacement. | |
| 650 | 1 | 2 | _aArthroplasty, Replacement, Knee |
| 650 | 2 | 2 | _aArthritis |
| 700 | 1 | _aBrown, Thomas E., | |
| 942 | _cAEDBB | ||
| 999 |
_c17469 _d17469 |
||